Physics of atoms and molecules / (Record no. 29121)
[ view plain ]
| 000 -LEADER | |
|---|---|
| fixed length control field | 00906 a2200229 4500 |
| 020 ## - INTERNATIONAL STANDARD BOOK NUMBER | |
| International Standard Book Number | 058235692X |
| 020 ## - INTERNATIONAL STANDARD BOOK NUMBER | |
| International Standard Book Number | 9780582356924 |
| 082 04 - DEWEY DECIMAL CLASSIFICATION NUMBER | |
| Classification number | 539.7 |
| 090 ## - LOCALLY ASSIGNED LC-TYPE CALL NUMBER (OCLC); LOCAL CALL NUMBER (RLIN) | |
| -- | 490 |
| -- | 490 |
| 100 1# - MAIN ENTRY--PERSONAL NAME | |
| Personal name | Bransden, B.H. |
| 245 10 - TITLE STATEMENT | |
| Title | Physics of atoms and molecules / |
| Statement of responsibility, etc. | B.H. Bransden, C.J. Joachain. |
| 250 ## - EDITION STATEMENT | |
| Edition statement | 2nd ed. |
| 260 ## - PUBLICATION, DISTRIBUTION, ETC. | |
| Place of publication, distribution, etc. | [S.l.] : |
| Name of publisher, distributor, etc. | Benjamin Cummings, |
| Date of publication, distribution, etc. | 2004. |
| 300 ## - PHYSICAL DESCRIPTION | |
| Extent | 1112 p. ; |
| Dimensions | 24 cm. |
| 490 1# - SERIES STATEMENT | |
| Series statement | 2nd edition. |
| 700 1# - ADDED ENTRY--PERSONAL NAME | |
| Personal name | Joachain, C.J. |
| 830 #0 - SERIES ADDED ENTRY--UNIFORM TITLE | |
| Uniform title | 2nd edition. |
| 942 ## - ADDED ENTRY ELEMENTS (KOHA) | |
| Institution code [OBSOLETE] | SNS |
| Koha item type | Book |
| Call number prefix | 539.7 BRA |
| Withdrawn status | Lost status | Damaged status | Not for loan | Permanent Location | Current Location | Date acquired | Total Checkouts | Total Renewals | Full call number | Barcode | Checked out | Date last seen | Date last checked out | Price effective from | Koha item type | Source of classification or shelving scheme |
|---|---|---|---|---|---|---|---|---|---|---|---|---|---|---|---|---|
| School of Natural Sciences (SNS) | School of Natural Sciences (SNS) | 05/26/2016 | 8 | 2 | 539.7 BRA | SNS0000423 | 02/18/2026 | 01/19/2026 | 01/19/2026 | 05/26/2016 | Book | |||||
| School of Natural Sciences (SNS) | School of Natural Sciences (SNS) | 05/26/2016 | 3 | 539.7 BRA | SNS0001743 | 07/06/2023 | 10/27/2022 | 05/26/2016 | Book | |||||||
| School of Natural Sciences (SNS) | School of Natural Sciences (SNS) | 02/07/2017 | 4 | 2 | 539.7 BRA | SNS0002295 | 01/16/2024 | 09/15/2023 | 02/07/2017 | Book |
